00838nam a22001937a 4500001000500000005001700005020001800022040002900040050002500069082000800094100001800102245005500120260002900175300003400204505000600238520034600244521002700590521002700617123220250723091540.0 a9781781868256 aFISKHbengcFISKHdFISKH aPZ7.B4475424 Bu 2013 a[E] aBently, Peter aBunny loves to writecEmma Foster & Deborah Melmon aBath :bParragon,c2013. a26 unnumbered pages :c30 cm. aF a"I'm Buster. And I love to read! But write my own stories? I'm not so sure. But then ... My friend Max jumps out from behind a bush, and I have an idea. And then then ... My friend Sam shouts from high in the trees, and I have another idea ... Anyway I won't spoil my amazing story for you. You'll have to read it for yourself"--Cover verso. a400 bLexile estimate aF bRaz-Plus estimate